000 00430cam a2200193ua 4500
020 _c2.00
041 _ahin
_h
082 _a891.54
_bARI/AP
100 _aArigpudi, .
245 _aApni karni /
_cArigpudi.
_hTextual Documents
250 _a1 /
_b.
260 _a :
_bRajpal and Sanch ,
_c1959.
300 _a121 ; .
365 _a2.00
504 _a
942 _cBK
999 _c8138
_d8138